[Event "WA Class - D Section"]
[Site "Redmond, WA"]
[Date "2008.11.29"]
[Round "3"]
[White "Wyant, Matt"]
[Black "Lee, William A"]
[Result "0-1"]
[WhiteElo "1071"]
[BlackElo "858"]
[PlyCount "68"]
[EventDate "2008.11.30"]
[EventCountry "USA"]
[Source "Bulletin"]
[SourceDate "2009.02.10"]

1. e4 e5 2. Nf3 Nc6 3. d4 exd4 4. Bc4 Bc5 5. c3 dxc3 6. bxc3 d6 7. O-O Nf6 8.
Bg5 O-O 9. Re1 Bg4 10. h3 Bh5 11. Bb5 Ne5 12. Nbd2 c6 13. Ba4 h6 14. Bh4 Re8
15. Qc2 Nxf3+ 16. Nxf3 Bxf3 17. gxf3 b5 18. Bb3 a5 19. a4 b4 20. f4 Qd7 21.
Bxf6 gxf6 22. Qd3 Qa7 23. Re2 Kh8 24. Bxf7 Qxf7 25. Kh2 Rg8 26. Qf3 Rg6 27. Rg1
Rag8 28. Rxg6 Qxg6 29. Re1 bxc3 30. Rc1 Ba3 31. Rd1 c2 32. Rf1 c1=Q 33. Rxc1
Bxc1 34. Qh1 Bxf4# 0-1

[Event "WA Class - D Section"]
[Site "Redmond, WA"]
[Date "2008.11.30"]
[Round "6"]
[White "Wyant, Matt"]
[Black "McGuire, Dennis"]
[Result "1-0"]
[WhiteElo "1071"]
[BlackElo "1271"]
[PlyCount "85"]
[EventDate "2008.11.30"]
[EventCountry "USA"]
[Source "Bulletin"]
[SourceDate "2009.02.10"]

1. e4 e5 2. Nf3 d5 3. exd5 e4 4. Ng1 Nf6 5. Nc3 Bd6 6. d3 O-O 7. Bg5 Re8 8.
dxe4 h6 9. Bxf6 Qxf6 10. Qf3 Qg6 11. h3 Nd7 12. O-O-O Be5 13. Nge2 Qb6 14. Qe3
Qa5 15. f4 Bd6 16. e5 b5 17. Kb1 Bc5 18. Qd3 Ba6 19. Nd4 Rab8 20. Nb3 Qb6 21.
Nxc5 Nxc5 22. Qd4 Rbd8 23. g4 b4 24. Na4 Nxa4 25. Qxb6 axb6 26. Bxa6 Ra8 27.
Bb5 Red8 28. Bxa4 Rxa4 29. Rd3 c5 30. f5 Rda8 31. a3 c4 32. Re3 c3 33. Ka2 cxb2
34. Kxb2 bxa3+ 35. Ka2 Rb4 36. Rxa3 Rxa3+ 37. Kxa3 Rc4 38. Kb3 b5 39. Rd1 Kf8
40. d6 Ke8 41. Rd5 Kd7 42. Rxb5 Re4 43. Rb7+ 1-0

[Event "WA Class - D Section"]
[Site "Redmond, WA"]
[Date "2008.11.30"]
[Round "5"]
[White "Yatsenko, Andrey"]
[Black "Edwards, Christopher"]
[Result "1-0"]
[WhiteElo "1273"]
[BlackElo "1383"]
[PlyCount "31"]
[EventDate "2008.11.30"]
[EventCountry "USA"]
[Source "Bulletin"]
[SourceDate "2009.02.10"]

1. d4 d5 2. c4 c6 3. Nc3 Nf6 4. Nf3 e6 5. Bg5 dxc4 6. e4 b5 7. e5 h6 8. Bh4 g5
9. Nxg5 hxg5 10. Bxg5 Nbd7 11. Qf3 Bb7 12. O-O-O Bh6 13. Bxh6 Rxh6 14. exf6
Rxf6 15. Qe3 Qb6 16. Ne4 {remaining moves unclear} 1-0

[Event "WA Class - D Section"]
[Site "Redmond, WA"]
[Date "2008.11.29"]
[Round "1"]
[White "Yee, Nathaniel"]
[Black "Wyant, Matt"]
[Result "1-0"]
[WhiteElo "1321"]
[BlackElo "1071"]
[PlyCount "73"]
[EventDate "2008.11.30"]
[EventCountry "USA"]
[Source "Bulletin"]
[SourceDate "2009.02.10"]

1. e4 c5 2. Nf3 g6 3. d4 cxd4 4. Nxd4 Nc6 5. Nc3 Bg7 6. Be3 Nf6 7. Bc4 d6 8. f3
O-O 9. Qd2 Nxd4 10. Bxd4 Be6 11. Bxe6 fxe6 12. O-O-O Qa5 13. h4 b5 14. h5 Nxh5
15. Bxg7 Kxg7 16. g4 Nf6 17. Qh6+ Kf7 18. g5 Nh5 19. Qxh7+ Ke8 20. Qxg6+ Kd7
21. Qxh5 b4 22. Nb1 Qxa2 23. Qg4 Rac8 24. Rh2 b3 25. c3 Rc4 26. Rh6 Kc6 27.
Qxe6 Qa6 28. Qxe7 Qc8 29. Rhxd6+ Kb5 30. R1d5+ Rc5 31. Rxc5+ Qxc5 32. Qb7+ Kc4
33. Rc6 Rxf3 34. Nd2+ Kd3 35. Rxc5 Rg3 36. Qb5+ Ke3 37. Nf1+ 1-0

[Event "WA Class - E Section"]
[Site "Redmond, WA"]
[Date "2008.11.28"]
[Round "1"]
[White "Aguilar, Henry"]
[Black "Barua, Aniruddha"]
[Result "1-0"]
[WhiteElo "989"]
[BlackElo "891"]
[PlyCount "99"]
[EventDate "2008.11.30"]
[EventCountry "USA"]
[Source "Bulletin"]
[SourceDate "2009.02.10"]

1. e4 e5 2. d3 d6 3. f4 exf4 4. Nf3 Nc6 5. Bxf4 Bg4 6. Be2 Qf6 7. Bc1 Nd4 8.
O-O Nxe2+ 9. Qxe2 Qd8 10. Qf2 Nf6 11. e5 Bxf3 12. Qxf3 dxe5 13. Bg5 Qd4+ 14.
Kh1 O-O-O 15. Qh3+ Kb8 16. Nc3 Bc5 17. Ne4 Nxe4 18. dxe4 f6 19. Rad1 Qxb2 20.
Rxd8+ Rxd8 21. Be3 Qxc2 22. g4 Rd3 23. Qxh7 a6 24. Bxc5 Qxc5 25. Qxg7 Qc2 26.
Qxf6 Rh3 27. Qf2 Qxe4+ 28. Qg2 Qd3 29. g5 c5 30. g6 Rh6 31. g7 Rg6 32. Rf8+ Ka7
33. g8=Q Rxg8 34. Rxg8 Qd1+ 35. Qg1 Qd5+ 36. Rg2 b5 37. Qe3 Qd1+ 38. Qg1 Qd5
39. h4 Kb6 40. Kh2 e4 41. Rg6+ Ka5 42. Qe1+ b4 43. a3 Qa2+ 44. Rg2 Qxa3 45.
Qxe4 Qc3 46. Ra2+ Kb5 47. Qb7+ Kc4 48. Qxa6+ Kd5 49. Re2 b3 50. Qe6+ 1-0

[Event "WA Class - E Section"]
[Site "Redmond, WA"]
[Date "2008.11.30"]
[Round "5"]
[White "Aguilar, Henry"]
[Black "Gatti, Kyle"]
[Result "1-0"]
[WhiteElo "989"]
[BlackElo "577"]
[PlyCount "54"]
[EventDate "2008.11.30"]
[EventCountry "USA"]
[Source "Bulletin"]
[SourceDate "2009.02.10"]

1. d4 g6 2. c4 e6 3. e4 Nf6 4. Bd3 b6 5. a3 Bb7 6. Bg5 Bg7 7. Bxf6 Bxf6 8. Nf3
Nc6 9. e5 Bg7 10. d5 exd5 11. cxd5 Nxe5 12. Qe2 d6 13. Nxe5 Bxe5 14. O-O Qg5
15. Bb5+ c6 16. Bxc6+ Bxc6 17. dxc6 Qh6 18. g3 O-O 19. Nc3 Rae8 20. Qa6 Qd2 21.
Nb5 Bxb2 22. Rad1 Qa5 23. Qxa5 bxa5 24. Rxd6 Re5 25. Nxa7 Rfe8 26. c7 Bxa3 27.
Rd8 Be7 1-0

[Event "WA Class - E Section"]
[Site "Redmond, WA"]
[Date "2008.11.28"]
[Round "2"]
[White "Aguilar, Henry"]
[Black "Wang, Shanglun"]
[Result "0-1"]
[WhiteElo "989"]
[BlackElo "1008"]
[PlyCount "35"]
[EventDate "2008.11.30"]
[EventCountry "USA"]
[Source "Bulletin"]
[SourceDate "2009.02.10"]

1. e4 e6 2. d3 d5 3. exd5 exd5 4. f4 Bd6 5. Nf3 Nf6 6. h3 Qe7+ 7. Be2 Nc6 8.
O-O Bd7 9. a3 O-O-O 10. b4 a6 11. d4 Nh5 12. Ne5 Ng3 13. Rf2 Ne4 14. Rf3 f5 15.
Nc3 Bxe5 16. dxe5 d4 {the next recorded moves make no sense...} 17. Qe1 h6 18.
b5 {and the remaining moves were totally indecipherable.} 0-1

[Event "WA Class - E Section"]
[Site "Redmond, WA"]
[Date "2008.11.30"]
[Round "5"]
[White "Aragon, Joel"]
[Black "Bharath, Rithvik"]
[Result "1/2-1/2"]
[WhiteElo "1053"]
[BlackElo "776"]
[PlyCount "60"]
[EventDate "2008.11.30"]
[EventCountry "USA"]
[Source "Bulletin"]
[SourceDate "2009.02.10"]

1. e4 e5 2. Nf3 Nc6 3. Bb5 Nf6 4. O-O Bc5 5. d3 O-O 6. Be3 Bxe3 7. fxe3 a6 8.
Bxc6 dxc6 9. Nxe5 Re8 10. Nf3 Bg4 11. Nbd2 Qd7 12. Qe1 Rad8 13. Qg3 Nh5 14. Qh4
Nf6 15. Nc4 b5 16. Nce5 Qe6 17. Nxg4 Nxg4 18. Ng5 Qg6 19. Qxg4 f6 20. Rf5 fxg5
21. Rxg5 Qf6 22. Rf1 Qxb2 23. d4 Rf8 24. Rxg7+ Kh8 25. Rgf7 Rxf7 26. Rxf7 Qc1+
27. Kf2 Qxc2+ 28. Kg3 Rg8 29. Rf8 Rxf8 30. Kh3 Rf2 {remaining moves
indecipherable. Drawn by perpetual check in about 12 or 13 moves.} 1/2-1/2

[Event "WA Class - E Section"]
[Site "Redmond, WA"]
[Date "2008.11.29"]
[Round "4"]
[White "Aragon, Joel"]
[Black "Schuhmacher, Don"]
[Result "1/2-1/2"]
[WhiteElo "1053"]
[BlackElo "827"]
[PlyCount "70"]
[EventDate "2008.11.30"]
[EventCountry "USA"]
[Source "Bulletin"]
[SourceDate "2009.02.10"]

1. e4 d6 2. Nf3 Nf6 3. Nc3 g6 4. Bb5+ Bd7 5. Bxd7+ Nbxd7 6. d3 Bg7 7. Be3 O-O
8. Qd2 c5 9. Bh6 Ng4 10. Bxg7 Kxg7 11. h3 Nge5 12. Nh2 Nc6 13. h4 e6 14. Nf3
Nd4 15. h5 h6 16. hxg6 Nxf3+ 17. gxf3 Qg5 18. gxf7 Qxd2+ 19. Kxd2 Rxf7 20.
Rag1+ Kh7 21. Rh3 Rg7 22. Rhg3 Rag8 23. Rxg7+ Rxg7 24. Rxg7+ Kxg7 25. Nb5 Ne5
26. Ke2 Nf7 27. f4 a6 28. Nc3 Kg6 29. Kf3 Kh5 30. Kg3 e5 31. f5 Kg5 32. Ne2 h5
33. f4+ exf4+ 34. Nxf4 h4+ 35. Kf3 Ne5+ 1/2-1/2

[Event "WA Class - E Section"]
[Site "Redmond, WA"]
[Date "2008.11.29"]
[Round "4"]
[White "Barua, Aniruddha"]
[Black "Gatti, Kyle"]
[Result "0-1"]
[WhiteElo "891"]
[BlackElo "577"]
[PlyCount "50"]
[EventDate "2008.11.30"]
[EventCountry "USA"]
[Source "Bulletin"]
[SourceDate "2009.02.10"]

1. e4 d6 2. d4 c5 3. Bb5+ Bd7 4. Bxd7+ Nxd7 5. d5 g6 6. c4 Bg7 7. Nf3 Qb6 8.
Qc2 Qb4+ 9. Nfd2 Nh6 10. a3 Qb6 11. Nc3 O-O 12. O-O Be5 13. Nf3 Ng4 14. Nxe5
Ndxe5 15. Qe2 Qb3 16. f3 Nf6 17. Bh6 Rfc8 18. Qd1 Qxb2 19. Na4 Qd4+ 20. Qxd4
cxd4 21. Rfd1 Rxc4 22. Nb2 Rc2 23. Ra2 Rac8 24. h3 Nh5 25. Kh2 Nxf3+ 0-1

[Event "WA Class - E Section"]
[Site "Redmond, WA"]
[Date "2008.11.28"]
[Round "2"]
[White "Barua, Aniruddha"]
[Black "White, John M"]
[Result "1-0"]
[WhiteElo "891"]
[BlackElo "706"]
[PlyCount "53"]
[EventDate "2008.11.30"]
[EventCountry "USA"]
[Source "Bulletin"]
[SourceDate "2009.02.10"]

1. e4 c6 2. d4 d5 3. exd5 cxd5 4. Nf3 Nc6 5. Nc3 Bg4 6. Be2 g6 7. O-O Bxf3 8.
Bxf3 Nf6 9. Bf4 Bg7 10. Nb5 O-O 11. c3 Nd7 12. Nc7 e5 13. dxe5 Ndxe5 14. Nxa8
Qxa8 15. Qxd5 Rd8 16. Qe4 f5 17. Qe3 Nc4 18. Qe6+ Kh8 19. Qxc4 Rd7 20. Rad1 Qc8
21. Qe6 Ne5 22. Bxe5 Bxe5 23. Rxd7 Bxh2+ 24. Kxh2 Qb8+ 25. g3 f4 26. Qf6+ Kg8
27. Qg7# 1-0

[Event "WA Class - E Section"]
[Site "Redmond, WA"]
[Date "2008.11.30"]
[Round "6"]
[White "Brusniak, Benjamin"]
[Black "Mayer, Jennie"]
[Result "1-0"]
[WhiteElo "1078"]
[BlackElo "839"]
[PlyCount "79"]
[EventDate "2008.11.30"]
[EventCountry "USA"]
[Source "Bulletin"]
[SourceDate "2009.02.10"]

1. e4 e5 2. Nf3 Nc6 3. Bc4 Bc5 4. c3 Nf6 5. Qe2 O-O 6. O-O d6 7. h3 Nh5 8. d3
Nf4 9. Bxf4 exf4 10. a4 Ne5 11. b4 Nxf3+ 12. Qxf3 d5 13. Bxd5 Bd6 14. Re1 Be5
15. d4 Bd6 16. e5 Re8 17. Nd2 Be7 18. Rad1 c6 19. Bb3 Bg5 20. Ne4 Be6 21. Bxe6
fxe6 22. Nd6 Re7 23. Qg4 h6 24. h4 Bxh4 25. Qxh4 Qf8 26. g3 g5 27. Qg4 Rg7 28.
Qxe6+ Kh7 29. Qf5+ Qxf5 30. Nxf5 Rf7 31. Nd6 Rg7 32. e6 Rg6 33. Nxb7 Kg7 34. d5
cxd5 35. Rxd5 Kf8 36. e7+ Kf7 37. Nd6+ Rxd6 38. Rxd6 Re8 39. Rxh6 Rxe7 40. Rh7+
1-0

[Event "WA Class - E Section"]
[Site "Redmond, WA"]
[Date "2008.11.29"]
[Round "3"]
[White "Brusniak, Benjamin"]
[Black "Smith, Chloe"]
[Result "1-0"]
[WhiteElo "1078"]
[BlackElo "982"]
[PlyCount "93"]
[EventDate "2008.11.30"]
[EventCountry "USA"]
[Source "Bulletin"]
[SourceDate "2009.02.10"]

1. e4 e6 2. d4 d5 3. exd5 exd5 4. Nf3 Nf6 5. Nc3 c5 6. dxc5 Bxc5 7. Bg5 d4 8.
Ne4 Qe7 9. Qe2 h6 10. Bxf6 gxf6 11. Nxc5 Qxe2+ 12. Bxe2 O-O 13. O-O-O Nc6 14.
Nxd4 Nxd4 15. Rxd4 Be6 16. Nxe6 fxe6 17. Bc4 Rfe8 18. Re1 Kf7 19. Rd7+ Re7 20.
Rxe7+ Kxe7 21. Rxe6+ Kd7 22. Rxf6 Re8 23. Bb5+ Ke7 24. Rxh6 Rf8 25. Rh7+ Kd6
26. f3 a6 27. Bd3 b5 28. Rh6+ Kc5 29. Rxa6 Re8 30. Ra5 Re1+ 31. Kd2 Rg1 32.
Rxb5+ Kd6 33. Rg5 Rh1 34. h3 Rh2 35. a4 Rh1 36. a5 Ra1 37. a6 Kc7 38. Rg7+ Kb6
39. a7 Rxa7 40. Rxa7 Kxa7 41. g4 Kb7 42. h4 Kc7 43. f4 Kd7 44. f5 Ke7 45. g5
Kf7 46. h5 Kg7 47. b4 1-0

[Event "WA Class - E Section"]
[Site "Redmond, WA"]
[Date "2008.11.28"]
[Round "2"]
[White "Clarfeld, Molly-Rose"]
[Black "Mitchell, Jason"]
[Result "1-0"]
[WhiteElo "1006"]
[BlackElo "263"]
[PlyCount "37"]
[EventDate "2008.11.30"]
[EventCountry "USA"]
[Source "Bulletin"]
[SourceDate "2009.02.10"]

1. e4 e5 2. d4 Nc6 3. dxe5 Nxe5 4. f4 Nc6 5. Nc3 Bb4 6. Nf3 Nf6 7. Bb5 O-O 8.
e5 Ne4 9. Bd2 d6 10. Nxe4 dxe5 11. Bxc6 bxc6 12. Bxb4 Qd5 13. Nc3 Qe6 14. Bxf8
Ba6 15. Bb4 exf4+ 16. Ne2 Re8 17. Nfd4 Qg4 18. O-O c5 19. Bxc5 1-0

[Event "WA Class - E Section"]
[Site "Redmond, WA"]
[Date "2008.11.30"]
[Round "6"]
[White "Gatti, Kyle"]
[Black "Hwa, Howard"]
[Result "0-1"]
[WhiteElo "577"]
[BlackElo "592"]
[PlyCount "40"]
[EventDate "2008.11.30"]
[EventCountry "USA"]
[Source "Bulletin"]
[SourceDate "2009.02.10"]

1. e4 d6 2. d4 Nf6 3. Nc3 g6 4. g3 Bg7 5. Bf4 Nbd7 6. Qf3 c6 7. O-O-O Qa5 8.
Rd3 e5 9. d5 exf4 10. gxf4 c5 11. Qe2 O-O 12. Re3 Nh5 13. Bh3 Nxf4 14. Qg4 Nxh3
15. Nxh3 Ne5 16. Qg3 Bxh3 17. Qxh3 f5 18. f3 Nc4 19. Ree1 Bxc3 20. bxc3 Qxc3
0-1

[Event "WA Class - E Section"]
[Site "Redmond, WA"]
[Date "2008.11.29"]
[Round "3"]
[White "Gatti, Kyle"]
[Black "Mitchell, Jason"]
[Result "1-0"]
[WhiteElo "577"]
[BlackElo "263"]
[PlyCount "39"]
[EventDate "2008.11.30"]
[EventCountry "USA"]
[Source "Bulletin"]
[SourceDate "2009.02.10"]

1. g3 d5 2. Bh3 g6 3. e3 Bf5 4. d4 Be4 5. f3 Nf6 6. fxe4 Nxe4 7. Qf3 e6 8. Ne2
Qf6 9. O-O Nd7 10. Nbc3 O-O-O 11. Nxe4 dxe4 12. Qxf6 Nxf6 13. Rxf6 Bh6 14. b3
Rd7 15. Ba3 Bxe3+ 16. Kf1 Bg5 17. Rf2 e3 18. Rf3 Rf8 19. Bxf8 e5 20. Bxd7+ 1-0

[Event "WA Class - E Section"]
[Site "Redmond, WA"]
[Date "2008.11.28"]
[Round "2"]
[White "Gordon, Daniel"]
[Black "Mayer, Jennie"]
[Result "1-0"]
[WhiteElo "1023"]
[BlackElo "839"]
[PlyCount "76"]
[EventDate "2008.11.30"]
[EventCountry "USA"]
[Source "Bulletin"]
[SourceDate "2009.02.10"]

1. e4 e5 2. Nf3 Nc6 3. Bc4 Bc5 4. c3 Nf6 5. d4 exd4 6. cxd4 Bb4+ 7. Bd2 Nxe4 8.
Qe2 d5 9. Bd3 Qe7 10. a3 Bd6 11. Bxe4 dxe4 12. Ng5 Bf5 13. O-O Nxd4 14. Qd1 O-O
15. Bc3 Ne6 16. Nxe6 Qxe6 17. Re1 Rad8 18. Qh5 Be5 19. Bxe5 Qxe5 20. Nc3 g6 21.
Qg5 Rd4 22. f3 f6 23. Qe3 Rd3 24. Qxa7 e3 25. Re2 Rd2 26. Rae1 b6 27. Rxd2 Qc5
28. Rde2 Re8 29. Qa4 Bd3 30. Qxe8+ Kg7 31. Qd7+ Kh6 32. Qxd3 f5 33. Qxe3+ g5
34. Qxc5 bxc5 35. Re6+ Kh5 36. h3 Kh4 37. Rh6+ Kg3 38. Ne4+ Kf4 1-0

[Event "WA Class - E Section"]
[Site "Redmond, WA"]
[Date "2008.11.28"]
[Round "1"]
[White "Hwa, Howard"]
[Black "Clarfeld, Molly-Rose"]
[Result "1-0"]
[WhiteElo "592"]
[BlackElo "1006"]
[PlyCount "121"]
[EventDate "2008.11.30"]
[EventCountry "USA"]
[Source "Bulletin"]
[SourceDate "2009.02.10"]

1. d4 d5 2. Nf3 c5 3. e3 Nc6 4. c3 Bg4 5. Nbd2 e6 6. Bd3 Bd6 7. O-O Nf6 8. Re1
Qc7 9. Qa4 O-O 10. e4 dxe4 11. Nxe4 Nxe4 12. Bxe4 f5 13. Bxc6 bxc6 14. Ne5 cxd4
15. Qxd4 Rad8 16. Bg5 Be7 17. Qe3 Rd5 18. Nxg4 fxg4 19. Qxe6+ Kh8 20. Qxe7 Qc8
21. Re5 Rf5 22. Rxf5 Rxf5 23. Qd8+ Qxd8 24. Bxd8 Rd5 25. Bc7 h5 26. Kf1 Rd2 27.
b4 Rc2 28. Be5 h4 29. a4 Kg8 30. b5 cxb5 31. axb5 Rb2 32. c4 Rb4 33. Rc1 a5 34.
Bd6 Rb3 35. Ra1 Rc3 36. Ra4 Kf7 37. c5 Ke6 38. Rxa5 g3 39. fxg3 hxg3 40. hxg3
Rc1+ 41. Kf2 Rc2+ 42. Kg1 g5 43. b6 Rb2 44. Ra7 Kd5 45. b7 g4 46. b8=Q Rxb8 47.
Bxb8 Kxc5 48. Rg7 Kb4 49. Rxg4+ Kc3 50. Kf2 Kd2 51. Rf4 Kc2 52. g4 Kb2 53. g5
Kb3 54. g6 Ka3 55. g7 Kb2 56. Rf3 Ka1 57. Rb3 Ka2 58. g8=Q Ka1 59. Qc4 Ka2 60.
Qc2+ Ka1 61. Qb2# 1-0

[Event "WA Class - E Section"]
[Site "Redmond, WA"]
[Date "2008.11.28"]
[Round "2"]
[White "Hwa, Howard"]
[Black "Thatcher, Sean"]
[Result "0-1"]
[WhiteElo "592"]
[BlackElo "1036"]
[PlyCount "70"]
[EventDate "2008.11.30"]
[EventCountry "USA"]
[Source "Bulletin"]
[SourceDate "2009.02.10"]

1. d4 d5 2. Nf3 e6 3. e3 a6 4. Bd3 b6 5. O-O c5 6. c3 Nc6 7. Nbd2 Bd6 8. Re1 f5
9. c4 Nb4 10. Be2 Nf6 11. Ne5 Qc7 12. f4 Nc6 13. Nxc6 Qxc6 14. Nf3 O-O 15. Ne5
Qc7 16. g4 fxg4 17. Nxg4 Nxg4 18. Bxg4 Qf7 19. Rf1 Qg6 20. h3 h5 21. dxc5 Bxc5
22. cxd5 hxg4 23. Qxg4 Qxg4+ 24. hxg4 exd5 25. g5 Bf5 26. Bd2 Be4 27. Bc3 Bxe3+
28. Kh2 Bxf4+ 29. Kh3 Bxg5 30. Kg4 Be3 31. Rae1 Rxf1 32. Rxf1 d4 33. Be1 d3 34.
Bg3 d2 35. Bf4 Bxf4 0-1

[Event "WA Class - E Section"]
[Site "Redmond, WA"]
[Date "2008.11.29"]
[Round "4"]
[White "Iordanov, Stoyan"]
[Black "Hwa, Howard"]
[Result "1-0"]
[WhiteElo "1142"]
[BlackElo "592"]
[PlyCount "81"]
[EventDate "2008.11.30"]
[EventCountry "USA"]
[Source "Bulletin"]
[SourceDate "2009.02.10"]

1. e4 d6 2. d4 Nf6 3. Nc3 g6 4. Nf3 Bg7 5. Bc4 Nxe4 6. Qd3 Nf6 7. Bg5 O-O 8.
O-O-O c6 9. d5 Qa5 10. Rhe1 Re8 11. h3 Na6 12. Bxa6 bxa6 13. Nd4 cxd5 14. Nc6
Qb6 15. Nxe7+ Kf8 16. Bxf6 Bxf6 17. Nexd5 Qxf2 18. Rxe8+ Kxe8 19. Nc7+ Kf8 20.
Nxa8 Qxg2 21. Nc7 Qc6 22. Qxd6+ Qxd6 23. Rxd6 Ke7 24. Rd3 Kf8 25. N3d5 Be5 26.
c4 h5 27. b4 a5 28. b5 Bd6 29. Re3 Bd7 30. Kd2 a4 31. Nf6 Bf4 32. Nxd7+ Kg7 33.
Nd5 Bxe3+ 34. Kxe3 f5 35. c5 g5 36. c6 h4 37. c7 g4 38. hxg4 h3 39. c8=Q fxg4
40. Ne5 h2 41. Qxg4+ 1-0

[Event "WA Class - E Section"]
[Site "Redmond, WA"]
[Date "2008.11.29"]
[Round "1"]
[White "Iordanov, Stoyan"]
[Black "Mies, J C."]
[Result "1-0"]
[WhiteElo "1142"]
[BlackElo "854"]
[PlyCount "95"]
[EventDate "2008.11.30"]
[EventCountry "USA"]
[Source "Bulletin"]
[SourceDate "2009.02.10"]

1. e4 e5 2. Nf3 Nc6 3. Bb5 Nf6 4. O-O Bc5 5. Re1 O-O 6. c3 d5 7. Bxc6 bxc6 8.
Nxe5 Qe8 9. d4 Bd6 10. Nxc6 dxe4 11. Ne5 Bxe5 12. dxe5 Qxe5 13. Be3 Bg4 14. Bd4
Rad8 15. f3 exf3 16. Rxe5 f2+ 17. Kxf2 Bxd1 18. h3 Rfe8 19. Rxe8+ Rxe8 20. Bxf6
gxf6 21. Na3 Ba4 22. b3 Bc6 23. c4 Kg7 24. Nb5 Bxb5 25. cxb5 Kg6 26. Rc1 Re7
27. Kf3 Kg5 28. g3 h5 29. Rc5+ Kg6 30. Kf4 Rd7 31. h4 Rd4+ 32. Ke3 Rd7 33. Ke4
Rd2 34. a4 Rb2 35. Rxc7 Rxb3 36. Rxa7 Rb4+ 37. Kd3 Rg4 38. b6 Rxg3+ 39. Ke2 Rb3
40. b7 Kf5 41. Ra5+ Kg4 42. Rb5 Rxb5 43. axb5 f5 44. b8=Q f4 45. Qg8+ Kxh4 46.
Kf3 f5 47. Qg1 Kh3 48. Qh1# 1-0

[Event "WA Class - E Section"]
[Site "Redmond, WA"]
[Date "2008.11.29"]
[Round "3"]
[White "Iordanov, Stoyan"]
[Black "Yu, Wesley"]
[Result "0-1"]
[WhiteElo "1142"]
[BlackElo "1057"]
[PlyCount "109"]
[EventDate "2008.11.30"]
[EventCountry "USA"]
[Source "Bulletin"]
[SourceDate "2009.02.10"]

1. e4 c5 2. Nf3 e6 3. d4 cxd4 4. Nxd4 Nc6 5. Bb5 Bc5 6. Nxc6 bxc6 7. Be2 d5 8.
O-O Nf6 9. Bg5 h6 10. Be3 Bxe3 11. fxe3 Nxe4 12. Bd3 Qb6 13. Qf3 Ng5 14. Qf2
Rf8 15. Nd2 Qxb2 16. h4 Ne4 17. Nxe4 dxe4 18. Bxe4 Qb6 19. Qf3 Bd7 20. Rab1 Qc5
21. Rb7 f5 22. Rxd7 Kxd7 23. Bxc6+ Qxc6 24. Rd1+ Kc7 25. Qf4+ Kc8 26. e4 Qc5+
27. Kh2 fxe4 28. Qxe4 Qc7+ 29. g3 Rb8 30. Qxe6+ Kb7 31. Rd7 Rf2+ 32. Kh3 Rxc2
33. Rxc7+ Rxc7 34. Kg4 Rbc8 35. a4 Rc4+ 36. Kh3 a5 37. Qd7+ R8c7 38. Qb5+ Kc8
39. Qxa5 Kd7 40. Qd5+ Kc8 41. Qa8+ Kd7 42. a5 Rc8 43. Qd5+ Ke8 44. a6 R4c7 45.
Qd6 Ra7 46. Qe6+ Kd8 47. Kg4 Rca8 48. Qd6+ Ke8 49. Qe6+ Kf8 50. Qf5+ Kg8 51.
Qe6+ Kh8 52. Kf5 Rxa6 53. Qd5 $2 Ra5 54. Qxa5 Rxa5+ 55. Kg4 {
remaining moves not recorded due to time pressure} 0-1

[Event "WA Class - E Section"]
[Site "Redmond, WA"]
[Date "2008.11.30"]
[Round "3"]
[White "Mayer, Jennie"]
[Black "Gottumukkala, Abhinav"]
[Result "1-0"]
[WhiteElo "839"]
[BlackElo "476"]
[PlyCount "43"]
[EventDate "2008.11.30"]
[EventCountry "USA"]
[Source "Bulletin"]
[SourceDate "2009.02.10"]

1. e4 e5 2. Nf3 Nc6 3. Nc3 Bc5 4. Bc4 Nf6 5. O-O O-O 6. d3 d6 7. Bg5 Bb4 8. Nd5
Ba5 9. Nxf6+ gxf6 10. Bh6 Re8 11. Nh4 f5 12. Bxf7+ Kxf7 13. Qh5+ Kf6 14. Bg5+
Ke6 15. Bxd8 Rxd8 16. Qh6+ Ke7 17. Nxf5+ Ke8 18. Ng7+ Ke7 19. Qg5+ Kf8 20. Qf6+
Kg8 21. Nh5 Rf8 22. Qg7# 1-0

[Event "WA Class - E Section"]
[Site "Redmond, WA"]
[Date "2008.11.30"]
[Round "5"]
[White "Mayer, Jennie"]
[Black "Iordanov, Stoyan"]
[Result "0-1"]
[WhiteElo "839"]
[BlackElo "1142"]
[PlyCount "54"]
[EventDate "2008.11.30"]
[EventCountry "USA"]
[Source "Bulletin"]
[SourceDate "2009.02.10"]

1. e4 c5 2. Nf3 d6 3. Bc4 e6 4. Nc3 a6 5. O-O b5 6. Be2 Nd7 7. d3 Ngf6 8. Bg5
Be7 9. Qd2 Bb7 10. d4 Bxe4 11. Bxf6 Nxf6 12. Nxe4 Nxe4 13. Qd1 d5 14. c3 O-O
15. Re1 c4 16. Ne5 f6 17. Ng4 Qc7 18. g3 f5 19. Ne5 Bd6 20. f4 Bxe5 21. fxe5 f4
22. Bg4 Qe7 23. Kg2 fxg3 24. hxg3 Rf2+ 25. Kh3 Ng5+ 26. Kh4 Nf3+ 27. Kh3 Rh2#
0-1

[Event "WA Class - E Section"]
[Site "Redmond, WA"]
[Date "2008.11.29"]
[Round "4"]
[White "Mayer, Jennie"]
[Black "Seran, Ben"]
[Result "1/2-1/2"]
[WhiteElo "839"]
[BlackElo "513"]
[PlyCount "107"]
[EventDate "2008.11.30"]
[EventCountry "USA"]
[Source "Bulletin"]
[SourceDate "2009.02.10"]

1. e4 e5 2. Nf3 Nc6 3. Nc3 Bb4 4. Bc4 Nf6 5. d3 d6 6. O-O Bg4 7. h3 Bh5 8. Bd2
Nd4 9. g4 Nxg4 10. Bxf7+ Kxf7 11. Ng5+ Ke8 12. hxg4 Bg6 13. f3 h6 14. Nh3 Qh4
15. Kh2 Ne6 16. Be1 Qf6 17. Nd5 Qd8 18. Bxb4 c6 19. Ne3 a5 20. Bd2 Nf4 21. Nxf4
exf4 22. Ng2 h5 23. Kg1 Qb6+ 24. Rf2 Qxb2 25. Bxf4 Qf6 26. g5 Qf7 27. Bxd6 h4
28. Nf4 Rd8 29. Nxg6 Qxg6 30. Bh2 Qxg5+ 31. Rg2 Qe3+ 32. Kh1 h3 33. Rxg7 Qh6
34. Qg1 Qf6 35. Qg6+ Qxg6 36. Rxg6 Kf7 37. Rag1 Rdf8 38. Rg7+ Ke8 39. f4 Rf7
40. Rg8+ Rxg8 41. Rxg8+ Ke7 42. Rh8 Kd6 43. Rxh3 Kc5 44. Rh5+ Kb4 45. a3+ Ka4
46. f5 Kxa3 47. e5 Kb2 48. c4 Kc3 49. Rh3 Rxf5 50. d4+ Kxd4 51. Rh4+ Kc5 52.
Bg1+ Kb4 53. Re4 Rf8 54. c5+ {remaining moves unclear. Drawn on move 83.}
1/2-1/2

[Event "WA Class - E Section"]
[Site "Redmond, WA"]
[Date "2008.11.30"]
[Round "6"]
[White "Mies, J C."]
[Black "White, John M"]
[Result "1-0"]
[WhiteElo "854"]
[BlackElo "706"]
[PlyCount "43"]
[EventDate "2008.11.30"]
[EventCountry "USA"]
[Source "Bulletin"]
[SourceDate "2009.02.10"]

1. e4 c6 2. d4 d5 3. e5 e6 4. Nf3 c5 5. c3 c4 6. b3 b5 7. a4 b4 8. bxc4 Ne7 9.
cxb4 a5 10. Ba3 Nf5 11. b5 Bxa3 12. Rxa3 f6 13. Bd3 fxe5 14. Nxe5 Nxd4 15. Bxh7
Qf6 16. Qxd4 Rxh7 17. Rf3 Qh4 18. Rf8+ Kxf8 19. Ng6+ Kf7 20. Nxh4 g5 21. Nf3
Nd7 22. Nxg5+ 1-0

[Event "WA Class - E Section"]
[Site "Redmond, WA"]
[Date "2008.11.28"]
[Round "1"]
[White "Mitchell, Jason"]
[Black "Aragon, Joel"]
[Result "0-1"]
[WhiteElo "263"]
[BlackElo "1053"]
[PlyCount "48"]
[EventDate "2008.11.30"]
[EventCountry "USA"]
[Source "Bulletin"]
[SourceDate "2009.02.10"]

1. e4 c6 2. c3 d5 3. d4 dxe4 4. f4 exf3 5. Nxf3 Bg4 6. Qd3 Bxf3 7. gxf3 Nf6 8.
Bg5 Nbd7 9. Nd2 e6 10. O-O-O Be7 11. Qe3 Nd5 12. Qe4 Bxg5 13. Qg4 Ne3 14. Qg3
Nxd1 15. Kxd1 Bxd2 16. Kxd2 Qf6 17. Rg1 Qg6 18. Qc7 Qxg1 19. Qxb7 Qf2+ 20. Be2
Rd8 21. d5 Qb6 22. Qxc6 Qxc6 23. dxc6 Ne5+ 24. Kc2 Nxc6 0-1